00805cam a2200241 a 45000010008000000030004000080050017000120080041000290100017000700200015000870400018001020500018001200820021001382450123001592600036002823000027003185040053003456000027003986300059004257000027004847000030005117000022005414206074OSt20210308145606.0810716s1981 ilu b 011 0 eng  a 81011223  a0802425445 aDLCcDLCdDLC00aBS1192bF299T00a221.6219bF299T00aTradition and testament :bessays in honor of Charles Lee Feinberg /cedited by John S. Feinberg and Paul D. Feinberg. aChicago :bMoody Press,cc1981. axxiv, 325 p. ;c24 cm. aIncludes bibliographical references and indexes.10aFeinberg, Charles Lee.00aBible.pOld TestamentxCriticism, interpretation, etc.1 aFeinberg, Charles Lee.1 aFeinberg, John S.,d1946-1 aFeinberg, Paul D.